[Event "Copenhagen GoAudit op"]
[Site "Copenhagen"]
[Date "2021.11.12"]
[Round "1"]
[White "Nielsen, Viktor Haarmark"]
[Black "Van den Brink, Nienke"]
[Result "1-0"]
[WhiteElo "2263"]
[BlackElo "1785"]
[PlyCount "71"]
[EventDate "2021.11.12"]
[EventType "swiss"]
[EventRounds "7"]
[EventCountry "DEN"]
[SourceTitle "CBM 205 Extra"]
[Source "ChessBase"]
[SourceDate "2022.01.31"]
[SourceVersion "1"]
[SourceVersionDate "2022.01.31"]
[SourceQuality "1"]

1. e4 c5 2. Nf3 d6 3. d4 cxd4 4. Nxd4 a6 5. c4 e5 6. Nc2 Nf6 7. Nc3 Nc6 8. Be2 Be7 9. 0-0 0-0 10. Ne3 Nd4 11. Bd3 Rb8 12. a4 Bd7 13. a5 Bc6 14. Ned5 Nd7 15. Be3 Ne6 16. b4 Bxd5 17. Nxd5 Nc7 18. Nb6 Nxb6 19. axb6 Ne6 20. Be2 Bg5 21. Bxg5 Qxg5 22. Bf3 Rbc8 23. Rc1 Nd4 24. Qd3 Rfd8 25. Qe3 Qxe3 26. fxe3 Ne6 27. Bg4 Rc6 28. Bxe6 fxe6 29. c5 Rdc8 30. Rc4 dxc5 31. Rfc1 Kh8 32. Rxc5 Rxc5 33. Rxc5 Rd8 34. Rc7 Rb8 35. Re7 Kg8 36. Rxe6 1-0

[Event "DEN-ch U19 rapid"]
[Site "Odense"]
[Date "2021.10.01"]
[Round "1"]
[White "Van den Brink, Nienke"]
[Black "Hoejstrup Christensen, John Christopher"]
[Result "0-1"]
[WhiteElo "1805"]
[BlackElo "1921"]
[PlyCount "78"]
[EventDate "2021.10.01"]
[EventType "swiss"]
[EventRounds "5"]
[EventCountry "DEN"]
[SourceTitle "EXT 2024"]
[Source "ChessBase"]
[SourceDate "2023.10.10"]
[SourceVersion "1"]
[SourceVersionDate "2023.10.10"]
[SourceQuality "1"]

1. e4 c5 2. Nf3 e6 3. d4 cxd4 4. Nxd4 a6 5. Nc3 Qc7 6. a3 Nf6 7. f3 Be7 8. Be3 0-0 9. Qd2 b5 10. Be2 Bb7 11. Nb3 d5 12. exd5 Nxd5 13. Nxd5 Bxd5 14. Nd4 Bf6 15. 0-0 Rd8 16. Qc1 Nd7 17. c3 Nc5 18. Rd1 e5 19. b4 exd4 20. Bf4 Be5 21. Bxe5 Qxe5 22. cxd4 Qxe2 23. dxc5 Qe5 24. Qd2 h6 25. Re1 Qf6 26. Qc2 Qg5 27. Qf2 Bb3 28. Qe3 Qd5 29. Qc3 Kf8 30. Rab1 Bc4 31. Re4 Qc6 32. Rbe1 Ra7 33. Qe3 Be6 34. Qf4 Kg8 35. Qh4 Rad7 36. Qf2 Rd2 37. Qh4 R8d7 38. Qf4 Ra2 39. Qe3 Rdd2 0-1

[Event "Wch FIDE Online U18 Girls Europe qual"]
[Site "Tornelo INT"]
[Date "2020.12.09"]
[Round "7"]
[White "Duson, Robin"]
[Black "Van den Brink, Nienke"]
[Result "1-0"]
[WhiteElo "1990"]
[BlackElo "1811"]
[PlyCount "41"]
[EventDate "2020.12.07"]
[EventType "swiss (rapid)"]
[EventRounds "7"]
[EventCountry "ISS"]
[SourceTitle "EXT 2022"]
[Source "ChessBase"]
[SourceDate "2021.10.06"]
[SourceVersion "1"]
[SourceVersionDate "2021.10.06"]
[SourceQuality "1"]

1. d4 f5 2. Nf3 Nf6 3. g3 d6 4. Bg2 g6 5. 0-0 Bg7 6. c4 0-0 7. b4 Ne4 8. Bb2 c6 9. Nbd2 c5 10. bxc5 Nxd2 11. Qxd2 dxc5 12. d5 Bxb2 13. Qxb2 e6 14. Rad1 exd5 15. Rxd5 Qc7 16. Rfd1 Be6 17. Rd6 Bxc4 18. Ne5 Ba6 19. Bd5+ Kg7 20. Nf7+ Kg8 21. Nh6# 1-0

[Event "Wch FIDE Online U18 Girls Europe qual"]
[Site "Tornelo INT"]
[Date "2020.12.08"]
[Round "4"]
[White "Tamrazyan, Gohar"]
[Black "Van den Brink, Nienke"]
[Result "1-0"]
[WhiteElo "1578"]
[BlackElo "1811"]
[PlyCount "95"]
[EventDate "2020.12.07"]
[EventType "swiss (rapid)"]
[EventRounds "7"]
[EventCountry "ISS"]
[SourceTitle "EXT 2022"]
[Source "ChessBase"]
[SourceDate "2021.10.06"]
[SourceVersion "1"]
[SourceVersionDate "2021.10.06"]
[SourceQuality "1"]

1. Nf3 f5 2. d4 Nf6 3. c4 d6 4. Nc3 g6 5. e3 Bg7 6. Be2 0-0 7. 0-0 c6 8. Rb1 Qc7 9. b4 e5 10. c5 e4 11. cxd6 Qxd6 12. Ne5 Be6 13. b5 c5 14. Ba3 b6 15. h4 Nd5 16. Nxd5 Bxd5 17. Bc4 Bxc4 18. Nxc4 Qd5 19. Qb3 Rc8 20. Nd6 Qxb3 21. Rxb3 Rd8 22. dxc5 bxc5 23. Bxc5 Nd7 24. Ba3 Ne5 25. Nb7 Rd2 26. Bb2 Rc8 27. Bxe5 Bxe5 28. a4 Rc7 29. Na5 Ra2 30. Nc6 Bf6 31. a5 Bxh4 32. g3 Bf6 33. Rd1 Rc2 34. b6 axb6 35. axb6 Rb7 36. Na5 Rb8 37. b7 Rc5 38. Ra3 Rc7 39. Rb3 Bd8 40. Rbb1 Bf6 41. Rd5 Bg7 42. Rdb5 Bf8 43. Rb6 Bc5 44. Rc6 Rf7 45. Rxc5 Rff8 46. Nc6 Rbe8 47. b8Q Rxb8 48. Nxb8 1-0

[Event "EU-ch Online U16 Girls"]
[Site "Tornelo INT"]
[Date "2020.09.20"]
[Round "8"]
[White "Van den Brink, Nienke"]
[Black "Vicze, Zsofia"]
[Result "1-0"]
[WhiteElo "1811"]
[BlackElo "1636"]
[PlyCount "51"]
[EventDate "2020.09.18"]
[EventType "swiss (rapid)"]
[EventRounds "9"]
[EventCountry "NET"]
[SourceTitle "EXT 2023"]
[Source "ChessBase"]
[SourceDate "2022.10.05"]
[SourceVersion "1"]
[SourceVersionDate "2022.10.05"]
[SourceQuality "1"]
[WhiteTeam "Denmark"]
[BlackTeam "Austria"]
[WhiteTeamCountry "DEN"]
[BlackTeamCountry "AUT"]

1. e4 c5 2. Nf3 Nc6 3. d4 cxd4 4. Nxd4 Nf6 5. Nc3 d6 6. f3 e5 7. Nb3 a6 8. Be3 Be7 9. Qd2 b5 10. g4 Bd7 11. g5 Nh5 12. Nd5 Rb8 13. Rg1 Be6 14. c3 g6 15. 0-0-0 Bxd5 16. Qxd5 Na5 17. Nxa5 Qxa5 18. Qc6+ Kf8 19. Ba7 Re8 20. Kb1 Kg7 21. Bb6 Qa4 22. Bh3 Nf4 23. Bd7 Ra8 24. Bc7 Bxg5 25. Qxd6 Bf6 26. b3 1-0

[Event "EU-ch Online U16 Girls"]
[Site "Tornelo INT"]
[Date "2020.09.18"]
[Round "1"]
[White "Ioannides Liu, Lian"]
[Black "Van den Brink, Nienke"]
[Result "0-1"]
[WhiteElo "1375"]
[BlackElo "1811"]
[PlyCount "124"]
[EventDate "2020.09.18"]
[EventType "swiss (rapid)"]
[EventRounds "9"]
[EventCountry "NET"]
[SourceTitle "EXT 2023"]
[Source "ChessBase"]
[SourceDate "2022.10.05"]
[SourceVersion "1"]
[SourceVersionDate "2022.10.05"]
[SourceQuality "1"]
[WhiteTeam "Zypern"]
[BlackTeam "Denmark"]
[WhiteTeamCountry "CYP"]
[BlackTeamCountry "DEN"]

1. d4 f5 2. Bg5 Nf6 3. Nc3 d5 4. g3 h6 5. Bf4 g5 6. Be5 Nc6 7. Bg2 Be6 8. Nf3 Rg8 9. Nb5 Nxe5 10. Nxe5 c6 11. Nc3 Nd7 12. Nxd7 Qxd7 13. Qd3 Bf7 14. f3 0-0-0 15. 0-0-0 f4 16. e3 Bg6 17. e4 e6 18. Bh3 Kb8 19. gxf4 gxf4 20. Qd2 Qf7 21. e5 c5 22. Ne2 h5 23. dxc5 Rc8 24. Nxf4 Bh6 25. Bxe6 Bxf4 26. Bxf7 Bxd2+ 27. Rxd2 Bxf7 28. Re1 Rxc5 29. e6 Be8 30. f4 Rf8 31. Rf2 Kc7 32. f5 Kd6 33. e7 Rf6 34. Rf4 Rc4 35. Rf2 Re4 36. Kd2 Rxe1 37. Kxe1 Kxe7 38. Re2+ Kf7 39. Rf2 Bd7 40. Kd2 Bxf5 41. Kc3 Be4 42. Rxf6+ Kxf6 43. Kd4 Kf5 44. a3 Bxc2 45. Kxd5 Be4+ 46. Kd4 Kf4 47. b4 Bh1 48. Kd3 h4 49. a4 Kf3 50. b5 Kg2 51. a5 Kxh2 52. a6 bxa6 53. bxa6 Bg2 54. Ke2 Bc6 55. Kf2 Bb5 56. Kf3 Bxa6 57. Kf2 Bb7 58. Kf1 Kg3 59. Kg1 h3 60. Kf1 Bg2+ 61. Ke2 h2 62. Ke3 h1Q 0-1

[Event "Online Olym Div2 D"]
[Site "Chess.com INT"]
[Date "2020.08.14"]
[Round "3.6"]
[White "Santiago Sontay, Jenny Fernanda"]
[Black "Van den Brink, Nienke"]
[Result "1-0"]
[WhiteElo "1728"]
[BlackElo "1811"]
[PlyCount "81"]
[EventDate "2020.08.14"]
[EventType "team-tourn (rapid)"]
[EventRounds "9"]
[EventCountry "USA"]
[SourceTitle "CBM 198"]
[Source "ChessBase"]
[SourceDate "2020.10.31"]
[SourceVersion "1"]
[SourceVersionDate "2020.10.31"]
[SourceQuality "1"]
[WhiteTeam "Guatemala"]
[BlackTeam "Denmark"]
[WhiteTeamCountry "GUA"]
[BlackTeamCountry "DEN"]

1. e4 c5 2. Nf3 d6 3. d4 cxd4 4. Qxd4 Nc6 5. Bb5 Qa5+ 6. Nc3 Bd7 7. Qd3 Nf6 8. 0-0 g6 9. Bd2 Qc7 10. Rad1 Bg7 11. Rfe1 0-0 12. Nd5 Nxd5 13. exd5 Ne5 14. Nxe5 Bxe5 15. Bxd7 Qxd7 16. Bc3 Bxc3 17. Qxc3 Rac8 18. Qd2 Qa4 19. c3 Rc7 20. b3 Qa6 21. c4 b5 22. cxb5 Qxb5 23. Re2 Rfc8 24. Rde1 Qb7 25. h3 Kg7 26. Qd4+ Kg8 27. Qd2 Re8 28. Re4 Rc5 29. Rd4 h5 30. b4 Rc7 31. a4 Rec8 32. Rde4 Re8 33. Qg5 a6 34. Rh4 Kh7 35. g4 Qxb4 36. gxh5 Qxe1+ 37. Kg2 Qb1 38. hxg6+ Kg7 39. gxf7+ Kxf7 40. Rf4+ Qf5 41. Rxf5# 1-0

[Event "Online Olym Div2 D"]
[Site "Chess.com INT"]
[Date "2020.08.14"]
[Round "1.6"]
[White "Van den Brink, Nienke"]
[Black "Caglar, Sila"]
[Result "0-1"]
[WhiteElo "1811"]
[BlackElo "2250"]
[PlyCount "58"]
[EventDate "2020.08.14"]
[EventType "team-tourn (rapid)"]
[EventRounds "9"]
[EventCountry "USA"]
[SourceTitle "CBM 198"]
[Source "ChessBase"]
[SourceDate "2020.10.31"]
[SourceVersion "1"]
[SourceVersionDate "2020.10.31"]
[SourceQuality "1"]
[WhiteTeam "Denmark"]
[BlackTeam "Turkey"]
[WhiteTeamCountry "DEN"]
[BlackTeamCountry "TUR"]

1. e4 c5 2. Nf3 e6 3. d4 cxd4 4. Nxd4 Nc6 5. Nc3 Qc7 6. Be3 a6 7. f3 Nf6 8. Qd2 Bb4 9. 0-0-0 0-0 10. g4 b5 11. Nb3 Rd8 12. a3 Be7 13. Qf2 Rb8 14. g5 Ne8 15. h4 b4 16. axb4 Bxb4 17. Na4 Na5 18. Nbc5 d6 19. Nxa6 Bxa6 20. Bxa6 Qc6 21. Nb6 Nb3+ 22. Kb1 Nc5 23. Bxc5 Bxc5 24. Qe2 Qxb6 25. c3 Nc7 26. Bd3 Ba3 27. Rh2 Qa5 28. Qc2 Bxb2 29. Qxb2 Qxc3 0-1

[Event "Online Olym Div3 D"]
[Site "Chess.com INT"]
[Date "2020.08.09"]
[Round "7.4"]
[White "Van den Brink, Nienke"]
[Black "Richie Guillen, Ciara Bernadette"]
[Result "1-0"]
[WhiteElo "1811"]
[BlackElo "1417"]
[PlyCount "43"]
[EventDate "2020.08.07"]
[EventType "team-tourn (rapid)"]
[EventRounds "9"]
[EventCountry "USA"]
[SourceTitle "CBM 198"]
[Source "ChessBase"]
[SourceDate "2020.10.31"]
[SourceVersion "1"]
[SourceVersionDate "2020.10.31"]
[SourceQuality "1"]
[WhiteTeam "Denmark"]
[BlackTeam "Puerto Rico"]
[WhiteTeamCountry "DEN"]
[BlackTeamCountry "PUR"]

1. e4 e6 2. d4 d5 3. exd5 exd5 4. c4 Nf6 5. Nf3 Bf5 6. Nc3 Be7 7. Be2 dxc4 8. Bxc4 0-0 9. 0-0 Nc6 10. Be3 Nb4 11. Ne5 c6 12. Qb3 Nfd5 13. Rac1 b5 14. Nxc6 Nxc6 15. Bxd5 Na5 16. Qxb5 Rb8 17. Qe2 Be6 18. Bxe6 fxe6 19. f3 Bd6 20. Bf2 Qb6 21. d5 Qxb2 22. Qxe6+ 1-0

[Event "Helsingor Xtracon op"]
[Site "Helsingor"]
[Date "2018.07.25"]
[Round "6"]
[White "Larsen, Mette Dalsgaard"]
[Black "Van den Brink, Nienke"]
[Result "1/2-1/2"]
[WhiteElo "1682"]
[BlackElo "1889"]
[PlyCount "112"]
[EventDate "2018.07.21"]
[EventType "swiss"]
[EventRounds "10"]
[EventCountry "DEN"]
[SourceTitle "CBM 185 Extra"]
[Source "ChessBase"]
[SourceDate "2018.07.29"]
[SourceVersion "1"]
[SourceVersionDate "2018.07.29"]
[SourceQuality "1"]

1. d4 f5 2. c4 Nf6 3. Nf3 d6 4. e3 g6 5. Be2 Bg7 6. 0-0 0-0 7. Qc2 c6 8. Rd1 Qc7 9. Nc3 e5 10. e4 f4 11. c5 dxc5 12. dxe5 Ng4 13. Bc4+ Kh8 14. e6 b5 15. Bxb5 Bxe6 16. Be2 Nd7 17. h3 Nge5 18. Ng5 Bg8 19. Na4 h6 20. Nf3 Nxf3+ 21. Bxf3 Bd4 22. Bd2 Rad8 23. Bc3 Ne5 24. b3 Be6 25. Rac1 Bxh3 26. Nxc5 Nxf3+ 27. gxf3 Bxc3 28. Qxc3+ Kh7 29. Kh2 Bc8 30. Kg2 Qe7 31. Kf1 Rxd1+ 32. Rxd1 Rd8 33. Rd4 Qg7 34. e5 Re8 35. Nd3 Ba6 36. Qxc6 Bxd3+ 37. Rxd3 Qxe5 38. Qd7+ Re7 39. Qd8 Qc7 40. Qxc7 Rxc7 41. a4 Rb7 42. b4 Kg7 43. b5 Kf6 44. Rd6+ Kf5 45. Rc6 h5 46. Rc5+ Ke6 47. Rc6+ Kf7 48. a5 Rxb5 49. Rc7+ Ke8 50. Rxa7 Kd8 51. a6 Ra5 52. Kg2 g5 53. Ra8+ Kc7 54. Rg8 Kb6 55. Rg6+ Ka7 56. Kh3 Ra2 1/2-1/2

[Event "Helsingor Xtracon op"]
[Site "Helsingor"]
[Date "2018.07.22"]
[Round "3"]
[White "Van den Brink, Nienke"]
[Black "Kunz, Andre"]
[Result "0-1"]
[WhiteElo "1889"]
[BlackElo "2158"]
[PlyCount "94"]
[EventDate "2018.07.21"]
[EventType "swiss"]
[EventRounds "10"]
[EventCountry "DEN"]
[SourceTitle "CBM 185 Extra"]
[Source "ChessBase"]
[SourceDate "2018.07.29"]
[SourceVersion "1"]
[SourceVersionDate "2018.07.29"]
[SourceQuality "1"]

1. e4 c6 2. d4 d5 3. exd5 cxd5 4. c4 Nf6 5. Nc3 Nc6 6. Nf3 Bg4 7. Be2 e6 8. c5 Be7 9. h3 Bh5 10. Bf4 0-0 11. 0-0 Ne4 12. Rc1 Bf6 13. Nxe4 dxe4 14. Nd2 Bg6 15. Re1 Qxd4 16. Bd6 e3 17. fxe3 Qxe3+ 18. Kh1 Qh6 19. Bxf8 Rxf8 20. Nf3 Bxb2 21. Rc4 Rd8 22. Qb3 Bf6 23. Qxb7 Na5 24. Qxa7 Nxc4 25. Bxc4 Qf4 26. Bb5 Qb4 27. Bd7 Be4 28. a3 Qb7 29. Qxb7 Bxb7 30. c6 Bc8 31. Bxc8 Rxc8 32. Rb1 Kf8 33. Rb6 Ke7 34. Nd2 Bd4 35. Ra6 Kd6 36. Ra4 e5 37. Nf3 Be3 38. Rb4 Rxc6 39. g3 Ra6 40. a4 f5 41. Rb5 e4 42. Nh4 g6 43. Rb7 Ra7 44. Rb3 Bc5 45. Kg2 Rxa4 46. Rb2 Ke5 47. Rd2 Be7 0-1

[Event "EU-ch U14 Girls 27th"]
[Site "Mamaia"]
[Date "2017.09.11"]
[Round "6"]
[White "Djordjevic, Nevena"]
[Black "Van den Brink, Nienke"]
[Result "1-0"]
[WhiteElo "1574"]
[BlackElo "1775"]
[PlyCount "73"]
[EventDate "2017.09.05"]
[EventType "swiss"]
[EventRounds "9"]
[EventCountry "ROU"]
[SourceTitle "CBM 180 Extra"]
[Source "ChessBase"]
[SourceDate "2017.10.06"]
[SourceVersion "1"]
[SourceVersionDate "2017.10.06"]
[SourceQuality "1"]

1. d4 f5 2. Nf3 Nf6 3. g3 g6 4. Bg2 Bg7 5. 0-0 0-0 6. b3 d6 7. Bb2 Nbd7 8. c4 Qe8 9. Nc3 c6 10. Qc2 e5 11. dxe5 dxe5 12. e4 f4 13. Rad1 Nh5 14. Rd2 Kh8 15. Rfd1 h6 16. Ba3 Rf7 17. Nh4 Kh7 18. Bh3 Bf6 19. Nxg6 Kxg6 20. Bf5+ Kg7 21. g4 Bg5 22. gxh5 Nf6 23. Rd8 Bxf5 24. Rxe8 Rxe8 25. exf5 Kh8 26. Ne4 Rg7 27. Kh1 Nxh5 28. Nxg5 hxg5 29. f6 Nxf6 30. Qf5 Ng8 31. Rd6 Ree7 32. Rh6+ Nxh6 33. Qf8+ Ng8 34. Bxe7 Rxe7 35. Qf5 c5 36. Qxg5 Kh7 37. Qh4+ 1-0

[Event "EU-ch U14 Girls 27th"]
[Site "Mamaia"]
[Date "2017.09.08"]
[Round "4"]
[White "Bitkova, Jelizaveta"]
[Black "Van den Brink, Nienke"]
[Result "1-0"]
[WhiteElo "1512"]
[BlackElo "1775"]
[PlyCount "111"]
[EventDate "2017.09.05"]
[EventType "swiss"]
[EventRounds "9"]
[EventCountry "ROU"]
[SourceTitle "CBM 180 Extra"]
[Source "ChessBase"]
[SourceDate "2017.10.06"]
[SourceVersion "1"]
[SourceVersionDate "2017.10.06"]
[SourceQuality "1"]

1. d4 f5 2. Nf3 Nf6 3. c4 d6 4. g3 g6 5. Bg2 Bg7 6. 0-0 0-0 7. Nc3 Nc6 8. d5 Na5 9. Nd2 c5 10. dxc6 Nxc6 11. e4 fxe4 12. Ndxe4 Nxe4 13. Nxe4 Ne5 14. Qb3 Be6 15. Ng5 Bxc4 16. Bd5+ Bxd5 17. Qxd5+ Kh8 18. Ne6 Qd7 19. Nxf8 Rxf8 20. Bf4 Rf5 21. Bxe5 Rxe5 22. Qb3 Re2 23. Qf7 Qd8 24. Rae1 Rxe1 25. Rxe1 Bf6 26. Re3 Qc8 27. Re1 b6 28. h4 Qg8 29. Qxg8+ Kxg8 30. b3 a5 31. a4 Kf7 32. Rb1 Bc3 33. Kf1 Bb4 34. Ke2 Bc5 35. f3 e5 36. Rc1 Ke6 37. g4 Kf6 38. Rh1 h6 39. Rf1 g5 40. hxg5+ hxg5 41. Rh1 Kg7 42. Rh5 Kf6 43. Kd3 d5 44. Rh6+ Kf7 45. Rh7+ Ke6 46. Rh8 Ke7 47. Rg8 Kf6 48. Rc8 Ke7 49. Rc6 Kf7 50. Rh6 Bf2 51. Rd6 Bc5 52. Rxd5 Ke6 53. Ke4 Bd4 54. Rxd4 exd4 55. Kxd4 Kf6 56. Kd5 1-0

[Event "EU-ch U14 Girls 27th"]
[Site "Mamaia"]
[Date "2017.09.05"]
[Round "1"]
[White "Van den Brink, Nienke"]
[Black "Beydullayeva, Govhar"]
[Result "0-1"]
[WhiteElo "1775"]
[BlackElo "2164"]
[PlyCount "42"]
[EventDate "2017.09.05"]
[EventType "swiss"]
[EventRounds "9"]
[EventCountry "ROU"]
[SourceTitle "CBM 180 Extra"]
[Source "ChessBase"]
[SourceDate "2017.10.06"]
[SourceVersion "1"]
[SourceVersionDate "2017.10.06"]
[SourceQuality "1"]

1. c4 c6 2. Nc3 d5 3. e3 Nf6 4. Nf3 e6 5. d4 Nbd7 6. Bd3 dxc4 7. Bxc4 b5 8. Bd3 Bb7 9. a3 Bd6 10. b4 a5 11. Rb1 axb4 12. axb4 Qe7 13. Qb3 Nd5 14. Nxd5 exd5 15. 0-0 0-0 16. Re1 Nf6 17. Qb2 Ra4 18. Bd2 Ne4 19. Qc2 Rfa8 20. Bxe4 dxe4 21. Ne5 Ra2 0-1

[Event "Helsingor Xtracon op"]
[Site "Helsingor"]
[Date "2017.07.27"]
[Round "7"]
[White "Van den Brink, Nienke"]
[Black "Easan, Adesh"]
[Result "1/2-1/2"]
[WhiteElo "1686"]
[BlackElo "1941"]
[PlyCount "76"]
[EventDate "2017.07.22"]
[EventType "swiss"]
[EventRounds "10"]
[EventCountry "DEN"]
[SourceTitle "CBM 179 Extra"]
[Source "ChessBase"]
[SourceDate "2017.08.23"]
[SourceVersion "1"]
[SourceVersionDate "2017.08.23"]
[SourceQuality "1"]

1. Nc3 d5 2. e4 d4 3. Nce2 e5 4. d3 c5 5. f4 Nc6 6. Nf3 Bd6 7. f5 g6 8. fxg6 hxg6 9. Ng3 Be7 10. Be2 Bh4 11. Nxh4 Qxh4 12. Qd2 Be6 13. a3 a5 14. Qg5 Qxg5 15. Bxg5 f6 16. Bd2 a4 17. h4 Kd7 18. h5 gxh5 19. Rxh5 Nge7 20. 0-0-0 Rhg8 21. Be1 Rg7 22. Bf3 Rag8 23. Nf5 Rg5 24. Rxg5 Rxg5 25. g4 b5 26. Bd2 Rg8 27. Rh1 b4 28. Rh7 Rf8 29. Nxe7 Nxe7 30. axb4 c4 31. Bh6 Rf7 32. Rxf7 Bxf7 33. dxc4 Bxc4 34. Kd2 Nc6 35. Bf8 Ke8 36. Bc5 Kd7 37. Be2 Bxe2 38. Kxe2 Nd8 1/2-1/2

[Event "Helsingor Xtracon op"]
[Site "Helsingor"]
[Date "2017.07.26"]
[Round "6"]
[White "Stray, Gunnar"]
[Black "Van den Brink, Nienke"]
[Result "1/2-1/2"]
[WhiteElo "2078"]
[BlackElo "1686"]
[PlyCount "104"]
[EventDate "2017.07.22"]
[EventType "swiss"]
[EventRounds "10"]
[EventCountry "DEN"]
[SourceTitle "CBM 179 Extra"]
[Source "ChessBase"]
[SourceDate "2017.08.23"]
[SourceVersion "1"]
[SourceVersionDate "2017.08.23"]
[SourceQuality "1"]

1. Nf3 c5 2. g3 Nf6 3. Bg2 d5 4. 0-0 e6 5. c4 Be7 6. cxd5 Nxd5 7. Nc3 Nc6 8. a3 Nxc3 9. bxc3 e5 10. d3 0-0 11. Rb1 Rb8 12. Nd2 Qc7 13. Nc4 f6 14. Ne3 Bd6 15. Qb3+ Kh8 16. Nd5 Qf7 17. e4 Bg4 18. f3 Be6 19. Be3 Rfc8 20. a4 b6 21. c4 Nd4 22. Qa2 Qd7 23. Rb2 Qe8 24. Rfb1 Qd8 25. Nc3 Nc6 26. Qb3 Bc7 27. Nd5 Nd4 28. Qd1 Bd6 29. Qf1 Qd7 30. Ra1 f5 31. Bh3 Rf8 32. Bxd4 exd4 33. Bxf5 Bxf5 34. exf5 Qxf5 35. Kg2 h6 36. Re1 Rbe8 37. Re4 Qd7 38. Ra2 Re5 39. Rxe5 Bxe5 40. Re2 Bd6 41. Qd1 Re8 42. Re4 Rf8 43. f4 Kh7 44. g4 Re8 45. f5 Rxe4 46. dxe4 Qe8 47. Kf3 Bxh2 48. Qh1 Be5 49. Qh5 Qxa4 50. Qg6+ Kh8 51. Ne7 Qb3+ 52. Kf2 Qg3+ 1/2-1/2

[Event "Helsingor Xtracon op"]
[Site "Helsingor"]
[Date "2017.07.23"]
[Round "3"]
[White "Van den Brink, Nienke"]
[Black "Alisaari, Vellu"]
[Result "1-0"]
[WhiteElo "1686"]
[BlackElo "1286"]
[PlyCount "73"]
[EventDate "2017.07.22"]
[EventType "swiss"]
[EventRounds "10"]
[EventCountry "DEN"]
[SourceTitle "CBM 179 Extra"]
[Source "ChessBase"]
[SourceDate "2017.08.23"]
[SourceVersion "1"]
[SourceVersionDate "2017.08.23"]
[SourceQuality "1"]

1. Nc3 e6 2. f4 f5 3. Nf3 h6 4. Ne5 Qf6 5. e4 d6 6. Qh5+ Ke7 7. Ng6+ Kd8 8. Nxh8 Nc6 9. Ng6 Nd4 10. Kd1 Bd7 11. Qh4 Qxh4 12. Nxh4 Nf6 13. Nf3 Nxf3 14. gxf3 fxe4 15. Nxe4 Nd5 16. d4 c6 17. c4 Nc7 18. b3 d5 19. Nc3 dxc4 20. bxc4 b5 21. Ne4 Bb4 22. Rg1 Bf8 23. Bd2 Be8 24. Ba5 Bh5 25. Rg3 a6 26. Rc1 Kd7 27. Bxc7 Kxc7 28. cxb5 Be8 29. Nc5 Bxc5 30. Rxg7+ Kb6 31. dxc5+ Ka5 32. b6 Bh5 33. Rc3 Rb8 34. Rb3 Ka4 35. Ra7 Bxf3+ 36. Kc1 Bd5 37. Rxa6# 1-0

[Event "Helsingor Xtracon op"]
[Site "Helsingor"]
[Date "2017.07.22"]
[Round "1"]
[White "Van den Brink, Nienke"]
[Black "Kardoeus, David"]
[Result "0-1"]
[WhiteElo "1686"]
[BlackElo "2165"]
[PlyCount "60"]
[EventDate "2017.07.22"]
[EventType "swiss"]
[EventRounds "10"]
[EventCountry "DEN"]
[SourceTitle "CBM 179 Extra"]
[Source "ChessBase"]
[SourceDate "2017.08.23"]
[SourceVersion "1"]
[SourceVersionDate "2017.08.23"]
[SourceQuality "1"]

1. c4 Nf6 2. Nc3 g6 3. Nf3 Bg7 4. g3 0-0 5. Bg2 d6 6. 0-0 Nc6 7. d3 e5 8. a3 a6 9. e3 Re8 10. Qc2 h6 11. Rd1 Be6 12. Ne2 Qd7 13. b4 e4 14. Nfd4 Nxd4 15. Nxd4 Bg4 16. Rd2 c5 17. bxc5 dxc5 18. Nb3 exd3 19. Rxd3 Qa4 20. Nd4 Qxc2 21. Nxc2 Bf5 22. Rd2 Ne4 23. Bxe4 Bxe4 24. Ra2 Bc3 25. Rd1 Bf3 26. Bd2 Bxd1 27. Bxc3 b5 28. cxb5 axb5 29. Rb2 Bxc2 30. Rxc2 Rxa3 0-1

[Event "Copenhagen Challenge"]
[Site "Ballerup"]
[Date "2017.05.12"]
[Round "5"]
[White "Kallenbach, Uffe"]
[Black "Van den Brink, Nienke"]
[Result "1/2-1/2"]
[WhiteElo "1698"]
[BlackElo "1756"]
[PlyCount "60"]
[EventDate "2017.05.10"]
[EventType "swiss"]
[EventRounds "9"]
[EventCountry "DEN"]
[SourceTitle "CBM 178 Extra"]
[Source "ChessBase"]
[SourceDate "2017.06.22"]
[SourceVersion "1"]
[SourceVersionDate "2017.06.22"]
[SourceQuality "1"]

1. e4 c5 2. c3 d5 3. exd5 Qxd5 4. d4 cxd4 5. cxd4 e6 6. Nf3 Nf6 7. Be2 Be7 8. Nc3 Qd8 9. Bf4 Bd7 10. 0-0 0-0 11. Rc1 a6 12. Ne5 Nc6 13. a3 Rc8 14. Bf3 Qb6 15. Na4 Qd8 16. Nxd7 Nxd7 17. b4 Nb6 18. Be3 Nd5 19. Nc5 Rc7 20. Nxb7 Rxb7 21. Rxc6 a5 22. bxa5 Qxa5 23. Bc1 Bxa3 24. Bd2 Qb5 25. Bxd5 Qxd5 26. Qa4 Qb5 27. Ra6 Qxa4 28. Rxa4 Be7 29. g3 h6 30. Re1 Rc8 1/2-1/2

[Event "Copenhagen Challenge"]
[Site "Ballerup"]
[Date "2017.05.12"]
[Round "4"]
[White "Van den Brink, Nienke"]
[Black "Tandrup, Michael"]
[Result "0-1"]
[WhiteElo "1756"]
[BlackElo "1906"]
[PlyCount "58"]
[EventDate "2017.05.10"]
[EventType "swiss"]
[EventRounds "9"]
[EventCountry "DEN"]
[SourceTitle "CBM 178 Extra"]
[Source "ChessBase"]
[SourceDate "2017.06.22"]
[SourceVersion "1"]
[SourceVersionDate "2017.06.22"]
[SourceQuality "1"]

1. Nc3 d5 2. e4 dxe4 3. Nxe4 Nf6 4. Ng3 e6 5. Nf3 b6 6. d4 Bb7 7. c3 c5 8. Bb5+ Bc6 9. Bxc6+ Nxc6 10. Qa4 Qd7 11. dxc5 Bxc5 12. Bg5 Ne5 13. Qxd7+ Nfxd7 14. Nxe5 Nxe5 15. 0-0 h6 16. Bc1 Nd3 17. Ne4 f5 18. Nxc5 Nxc5 19. c4 Kf7 20. Be3 Nd3 21. b3 Rhd8 22. Rfd1 f4 23. Bd2 Nb2 24. Kf1 Nxd1 25. Rxd1 Rd3 26. Ke2 Rad8 27. f3 g5 28. h3 e5 29. b4 R3d4 0-1

[Event "Nordic-ch U13"]
[Site "Drammen"]
[Date "2017.02.19"]
[Round "6"]
[White "Nesse, David"]
[Black "Van den Brink, Nienke"]
[Result "1-0"]
[WhiteElo "1747"]
[BlackElo "1743"]
[PlyCount "101"]
[EventDate "2017.02.17"]
[EventType "swiss"]
[EventRounds "6"]
[EventCountry "NOR"]
[SourceTitle "CBM 177 Extra"]
[Source "ChessBase"]
[SourceDate "2017.04.27"]
[SourceVersion "1"]
[SourceVersionDate "2017.04.27"]
[SourceQuality "1"]

1. e4 c5 2. Nc3 Nc6 3. Bb5 d6 4. Bxc6+ bxc6 5. f4 Nf6 6. Nf3 g6 7. 0-0 Bg7 8. d3 0-0 9. Qe1 Qb6 10. Kh1 Rb8 11. Qh4 e6 12. f5 exf5 13. Bh6 Bxh6 14. Qxh6 Ng4 15. Qg5 Qd8 16. Qf4 Rxb2 17. h3 Nf6 18. Qh6 Rxc2 19. exf5 Bxf5 20. Ng5 Re8 21. g4 Be6 22. Nce4 Bd5 23. Rf3 Rxe4 24. dxe4 Bxe4 25. Nxe4 Nxe4 26. Qf4 Qe7 27. Re3 Qf6 28. Qxf6 Nxf6 29. Rf1 Nd5 30. Rb3 Re2 31. Rb8+ Kg7 32. Rb7 Re7 33. Rxe7 Nxe7 34. Rb1 d5 35. Rb7 Kf6 36. Kg2 Ke6 37. Rxa7 d4 38. Kf3 g5 39. Ke4 Nc8 40. Ra5 Nd6+ 41. Kd3 Kd5 42. a4 Nb7 43. Ra7 c4+ 44. Kc2 Nd6 45. a5 d3+ 46. Kd1 c3 47. Rd7 Kc5 48. a6 c2+ 49. Kc1 Nc4 50. a7 Na5 51. Rxd3 1-0